Headline Writing (Record no. 895)

MARC details
000 -LEADER
Fixed length control field 00434nam a2200169 4500
003 - CONTROL NUMBER IDENTIFIER
Control field SEACOMMC
005 - DATE AND TIME OF LATEST TRANSACTION
Control field 20250428130615.0
008 - FIXED-LENGTH DATA ELEMENTS--GENERAL INFORMATION
Fixed length control field 241218b |||||||| |||| 00| 0 eng d
020 ## - INTERNATIONAL STANDARD BOOK NUMBER / ISBN
International Standard Book Number 0-76193-421-9
Price Rs.390.00
040 ## - CATALOGING SOURCE
Original cataloging agency SEACOMMC
082 ## - DEWEY DECIMAL CLASSIFICATION NUMBER
Classification number 070.4
Book Number S 272
100 ## - MAIN ENTRY--PERSONAL NAME
Personal name Saxena, Sunil
245 1# - TITLE STATEMENT
Title Headline Writing
Statement of responsibility Sunil Saxena
260 ## - IMPRINT
Place of publication New Delhi
Name of publisher Sage Publications
Date of publication 2006
650 ## - SUBJECT ADDED ENTRY--TOPICAL TERM
Topical term Journalism
942 ## - ADDED ENTRY ELEMENTS (KOHA)
Koha item type Books
Holdings
Withdrawn status Lost status Source of classification Damaged status Not for loan Home library Current library Shelving location Date acquired Total Checkouts Call number Accession number Date last seen Price effective from Koha item type
    Dewey Decimal Classification     SEACOM MANAGEMENT COLLEGE SEACOM MANAGEMENT COLLEGE Reference 07/12/2007   070.4 S 272 M-1206 18/12/2024 18/12/2024 Books
    Dewey Decimal Classification     SEACOM MANAGEMENT COLLEGE SEACOM MANAGEMENT COLLEGE   07/12/2007   070.4 S 272 M-1207 18/12/2024 18/12/2024 Books
© Seacom Engineering College, All rights reserved.    Powered by Koha